1950s Movie Slideshow Quiz Stats

 Plays Quiz Updated Apr 20, 2015

Challenge
Share
Tweet
Score 0/100 Timer 20:00
2 Plays Today
% Correct
Singin' in the Rain
98.2%
Cinderella
83.5%
Alice in Wonderland
83%
Lady and the Tramp
79.7%
Godzilla
76%
The King and I
74.9%
Peter Pan
73%
12 Angry Men
72.4%
Ben-Hur
71.7%
The Ten Commandments
71.4%
Some Like It Hot
71.3%
Horror of Dracula
70.4%
Roman Holiday
69.1%
The African Queen
68.9%
Jailhouse Rock
68.1%
Rear Window
68%
The Blob
66.6%
High Noon
62.1%
Around the World in Eighty Days
61.7%
Old Yeller
60.8%
The Seven Year Itch
60.7%
White Christmas
60.5%
Rebel Without a Cause
60.2%
Seven Brides for Seven Brothers
59.9%
Seven Samurai
59.7%
A Streetcar Named Desire
59.3%
The Hound of the Baskervilles
59.1%
North by Northwest
59%
Sleeping Beauty
57%
On the Waterfront
56.6%
Harvey
55.2%
Julius Caesar
53.7%
Gentlemen Prefer Blondes
53.6%
Oklahoma!
52.8%
% Correct
The Bridge on the River Kwai
51.5%
20,000 Leagues Under the Sea
49.3%
The Day the Earth Stood Still
49.2%
Shane
48.4%
Father of the Bride
46.1%
The War of the Worlds
45.1%
Cat on a Hot Tin Roof
44.7%
From Here to Eternity
44%
Strangers on a Train
41.8%
Creature from the Black Lagoon
41.4%
Giant
40.1%
Sabrina
39.9%
The Quiet Man
37.5%
An American in Paris
36.3%
Marty
34.6%
Vertigo
33%
A Star Is Born
31.6%
The Greatest Show on Earth
30.9%
Dial M for Murder
30.8%
The Searchers
30.6%
The Seventh Seal
29.8%
All About Eve
29.5%
Sunset Blvd
29.3%
Stalag 17
28.7%
Them!
27.4%
Mister Roberts
26%
A Night to Remember
25.8%
How to Marry a Millionaire
25.5%
Plan 9 from Outer Space
25.4%
Gigi
24.9%
Forbidden Planet
23.9%
The Night of the Hunter
23.7%
Paths of Glory
23.6%
Blackboard Jungle
22.9%
% Correct
House of Wax
22.7%
Darby O'Gill and the Little People
22.2%
Rashomon
22%
Rio Bravo
21.9%
Invasion of the Body Snatchers
20.4%
Anatomy of a Murder
19.8%
Witness for the Prosecution
19.7%
The Ladykillers
18.7%
Touch of Evil
18%
Anastasia
17.7%
The Defiant Ones
17.2%
The Caine Mutiny
15.7%
High Society
15.4%
Bad Day at Black Rock
15.1%
Born Yesterday
14.5%
3:10 to Yuma
13.8%
Sweet Smell of Success
13.6%
The 400 Blows
13.4%
Diabolique
12.9%
Winchester '73
11.7%
King Solomon's Mines
11.4%
A Place in the Sun
11.1%
House on Haunted Hill
10.1%
Rio Grande
10.1%
The Bad and the Beautiful
9.4%
The Killing
9.4%
The Man Who Knew Too Much
9%
Ace in the Hole
8.4%
Wild Strawberries
7.9%
In a Lonely Place
7.2%
The Asphalt Jungle
6.6%
Kiss Me Deadly
4.2%

You're not logged in!

Compare scores with friends on all Sporcle quizzes.
Join for Free
OR
Log In

You Might Also Like...

Show Comments

Extras

Top Quizzes Today


Score Distribution

Your Account Isn't Verified!

In order to create a playlist on Sporcle, you need to verify the email address you used during registration. Go to your Sporcle Settings to finish the process.

Report this User

Report this user for behavior that violates our Community Guidelines.

Details: